MDQL
is popping MORE tags! Check the
thread
!
Quizzes
Events
Quiz Creation
Community
Videos
Private Events
Remove Ads
Sign In
Join for FREE
Feedback
Dark Mode
Quiz Categories
Sports
Geography
Music
Movies
Television
Just For Fun
Miscellaneous
History
Literature
Language
Science
Gaming
Entertainment
Religion
Holiday
For Kids
Quiz Lab
Recent
Popular Today
Quiz Kudos Today
Editor Picks
Curator Picks
Quizzes by...
Day
Popularity
Type
Ratings
Length
Year
Community
Subscriptions
Recent Discussions
Orange Saloon
Badges
Playlists
Quests
Create
Leaderboards
Showdown
Live 5
Trivia Bingo
Activity
Puzzle Library
Sporcle Events
Private Events
Virtual Trivia
Globe League
Become a Host
Pub Owners
SporcleCon
Opinionation
Our Games
Videos
Blog
Mobile Apps
Partnerships
Remove Ads and Go Orange
Feedback
Television
TV Characters
TV Show
Sitcom
Network
Friends
Reality Shows
Cast
South Park
Star Trek
The Simpsons
Doctor Who
Television
TV Characters
TV Show
Sitcom
Network
Friends
Reality Shows
Cast
South Park
Star Trek
The Simpsons
Doctor Who
Random Quiz
Search Sporcle
×
Quiz Lab
Quiz Lab
Television
Drama
Type in answers that appear in a list
Type in answers that appear in a list
Classic
Best Score? Go Orange.
Total Drama Quiz Stats
Can you name the Total Drama Quiz
By
MitchellDietz10
20m
73 Questions
1,663 Plays
1,663 Plays
1,663 Plays
Comments
Comments
Give Quiz Kudos
Give Quiz Kudos
-
- Ratings
hide this ad
Replay
Link that replays current quiz
Next Quiz
Link to next quiz in quiz playlist
You Got
0%
They Got
Avg Score
72%
Avg Friend Score
Upgrade to see
Score Distribution
Jump to the score distribution portion of the page
Score
0/73
Timer
20:00
0
Plays Today
Question
Answer
% Correct
Who is the host of Total Drama?
Chris McLane
97.3%
Who is the chef on Total Drama
Chef Hatchet
95.8%
What is the name of Season 1?
Island
94.6%
What two people swap teams?
Duncan, Courtney
83%
What two people tie for 3rd in Total Drama Action?
Courtney, Owen
82.8%
Who is Sadie's BFFL?
Katie
81.6%
Who is Katie's BFFL?
Sadie
81.5%
Who claims she is a CIT?
Courtney
81.3%
Who joins in the middle of Season 2?
Courtney
81.3%
Who gets eliminated because of her chart?
Courtney
81.3%
What competitor never talks in Season 4?
Beverly
81.2%
Who's real name is Beverly?
B
81.2%
Who was eliminated first in season 1?
Ezekiel
81%
Who is voted off first in Season 3?
Ezekiel
81%
What is the name of Season 4?
Revenge of the Island
80.9%
What is the name of the camp they are on?
Wawanakwa
80.9%
What two people return at the merge in Season 1?
Izzy, Eva
80.5%
Who gets eliminated in the final four?
Scott, Gwen
80.1%
Who was eliminated due to their fear of ckickens Season 1?
Tyler
79.5%
Who wins Total Drama Island in Canada?
Gwen
78.9%
Who gets 3rd place in Total Drama Island?
Heather
78.8%
Who gets eliminated right before the merge in Season 2?
Heather
78.8%
Who wins Total Drama World Tour in America?
Heather
78.8%
Who is tricked into elimination by Alejandro?
Heather
78.8%
Who gets 10th place in Season 3?
Noah
78.5%
Who kisses Cody on the ear in Season 1?
Noah
78.5%
Who wins Total Drama Action in America?
Duncan
78.1%
Who is eliminated first in Season 3?
Duncan
78.1%
Who wins Total Drama Island in America?
Owen
77.9%
Who claims that their new name is Kaleidoscope?
Izzy
77.4%
Who returns in Season 5 to fight Cameron?
Izzy
77.4%
What is the name of Season 2?
Action
76.2%
Who is Sierra obsessed with?
Cody
76.1%
Who gets 3rd place in Season 3?
Cody
76.1%
Who did Sierra miss in Season 5?
Cody
76.1%
Who wins Total Drama Action in Canada?
Beth
75.4%
What are the names of the 2 new competitors?
Sierra, Alejandro
75%
Question
Answer
% Correct
Who's favorite number is 9?
Trent
73.3%
What two people are eliminated first in Season 2?
Bridgette, Geoff
73.2%
Who wins Total Drama World Tour in Canada?
Alejandro
72.4%
Who gets 6th place in Season 5?
Alejandro
72.4%
Who wins Total Drama Allstars in America?
Zoey
72.2%
Who wins Total Drama Allstars in Canada?
Mike
72.2%
Who was eliminated 4th in Season 1?
Justin
71.9%
What is the name of Season 3?
World Tour
71.9%
What are the teams in Season 1?
Screaming Gophers, Killer Bass
70.8%
Who dumps Anne Maria for Zoey?
Mike
70.7%
Who got 5th place in Season 1?
Leshawna
69.6%
Who gets 4th place in Season 3?
Sierra
68.9%
What/
Who does Owen find in the episode where they get stranded on a deserted island?
Mr. Coconut
68.2%
Who wins Total Drama Revenge of the Island in Canada?
Cameron
67.7%
Who gets 3rd place in Total Drama Revenge of the Island?
Zoey
67.5%
Who wins Total Drama Revenge of the Island in America?
Lightning
67.4%
Who is eliminated second in Season 5?
Lightning
67.4%
Who is mistaken over, and over again as a boy by Lightning
Jo
67.1%
Who gets their Game-
Boy broken by Mal?
Sam
66.8%
What is the name of Season 5?
Allstars
66.5%
Who beats Lindsay in a fashion show?
D.J.
66%
What team ends up with 1 competitor left?
Victory
65.8%
Who got eliminated right before the merge in Season 1?
Harold
65%
Who gets 4th place in Total Drama Revenge of the Island?
Scott
64.5%
Who returns before the merge in Season 4?
Dakota
63.8%
Who is eliminated first in Season 5?
Lindsay
63.7%
Who helps Bridgette and, Geoff with Aftermath in Season 3?
Blaineley
63.3%
Who joins in the middle of the Season?
Blaineley
63.3%
What are the teams in Season 3?
Victory, Amazon, Chris is Really Really Really Really Hot
62.7%
Who is eliminated first in Season 4
Staci
61.2%
Who is eliminated before Sam?
Dawn
54.2%
What two people are eliminated before Dakota returns?
Brick, Anne Maria
53.8%
What are the teams in Season 2?
Killer Grips, Screaming Gaffers
50.6%
What are the teams in Season 5?
Heroic Hamsters, Villainous Vultures
43.3%
What are the teams in Season 4?
Mutant Mangeds, Toxic Rats
26.3%
What is the name of Season 6?
Pahiktew
12.4%
Quiz Playlist
Details
Report
Send in Message
Add To Playlist
Classic:
Type in answers that appear in a list
Last Updated: Feb 16, 2017
Quiz Scoreboard
CHALLENGE
Sign Up to Join the Scoreboard
Show All
Scores
Hide
Comments
May contain spoilers
Recently Published
Street Fighter Characters
by Artimus82
Gaming
60s
9x9 Crossword: Cartoon Network
by jackfrog10
Miscellaneous
3m
College Basketball Coaching Resumes
by pancakes188
Sports
9m
More to Explore
Quiz From the Vault
Featured Blog Post
Where Did the Easter Bunny Come From?
hide this ad
You Might Also Like...
Tags
Drama
total
Total Drama
Today's Top Quizzes in Television
Browse Television
hide this ad
Today's Top Quizzes in Drama
Browse Drama
Top Contributed Quizzes in Television
1
5-to-1: The Simpsons Families
2
Adjectives in 80s TV Shows
3
Adjectives in 00s TV Shows
4
Survivor Journey Challenge
5
5-to-1: Television Doctors
6
7-to-1: TV Show Settings
7
Adjectives in 10s TV Shows
8
5-to-1: Streaming Originals
9
Survivor Seasons
10
Adjectives in 70s TV Shows
Explore More
Trending Topics
Disney
Anime
Harry Potter
Kpop
Crossword
NBA
Marvel
WWE
Country
Song
Soccer
Pokémon
NFL
Puzzle
The Office
hide this ad
More By:
MitchellDietz10
Quiz
Plays
Rating
Category
Featured
Created
WWE Divas or Womens Champion?
7,376
3.54
Sports
Jun 10, 2019
WWE: Submission Specialist
6,031
4.43
Sports
Feb 20, 2018
Gravity Falls Characters
4,499
3.00
Entertainment
Mar 17, 2014
Spongebob Episode by Picture (Seasons 1-2)
3,925
4.67
Television
Mar 11, 2017
Quick Pick: Walking Dead Antagonists
3,906
3.10
Television
May 2, 2017
Go to Creator's Profile
Score Distribution
Quiz Creator Spotlight
MitchellDietz10
Follow
Send a Message
Quizzes Created
-
Created Quiz Play Count
-
More By This Creator
Popular Quizzes Today
1
Find the US States - No Outlines Minefield
2
Find the Countries of Europe - No Outlines Minefield
3
The Countries of the World
4
Find the US States
5
Risky Map Clicking: Biggest States A-Z
6
US States
7
Popular People in 1961
8
Movies - When Are They Set?
More Television Quizzes
Click the Cartoon Vampire
Curator's Pick
Trending Quizzes
Risky Map Clicking: Least Populous States A-Z
Countries of the World: 200 Million BC
Billboard Blitz: Aretha Franklin
1-10 Letter G Words
Famous Russians: Author or Composer?
Recently Updated
Leaping Animals
pecheneg
Reality TV Shows (A-Z)
bhenderson79
Rickey Henderson's Hall of Fame Teammates
pecheneg
Champions League XIs: Arsenal
pecheneg
Quick Pick: Celebrities in WWE's Hall of Fame
aduchscher
A-Z Keypad Blitz II
pecheneg
Multiple Oscar Actors
pecheneg
Mystery Phrase Blitz: Oscar 'Best Actors'
pecheneg
F. Scott Fitzgerald Novels
LTH
Pick 3 Villains
ddd62291
Trending Topics
Harry Potter
Crossword
Anime
Disney
Marvel
Kpop
NBA
Pokémon
WWE
Soccer
Puzzle
Country
Song
The Office
NFL
Your Account Isn't Verified!
In order to create a playlist on Sporcle, you need to verify the email address you used during registration. Go to your
Sporcle Settings
to finish the process.
Report this User
Report this user for behavior that violates our
Community Guidelines
.
Details:
Send Report
Go to the Sporcle.com Mobile Site →
Comments